Suomen Tasavallan Presidentit - Statistics

Yleistilastot
  • Tätä visaa on pelattu 67 kertaa
  • Keskiarvotulos 10 / 13
Vastaustilastot
Virkakausi Vastaus % Oikein
2012-2024 Sauli Niinistö
98%
2024- Alexander Stubb
96%
2000-2012 Tarja Halonen
96%
1944-1946 C.G.E. Mannerheim
90%
1956-1982 Urho Kekkonen
88%
1994-2000 Martti Ahtisaari
84%
1982-1994 Mauno Koivisto
84%
1940-1944 Risto Ryti
80%
1919-1925 K.J. Ståhlberg
72%
1937-1940 Kyösti Kallio
68%
1946-1956 J.K. Paasikivi
62%
1925-1931 Lauri Kristian Relander
60%
1931-1937 P.E. Svinhufvud
54%
Ehtoja vastaavia visoja ei löytynyt
Tulosjakauma
Jokaisen tuloksen saaneiden osuus
Persentiili vastausten määrän mukaan
Tuloshistoriasi
Et ole pelannut tätä visaa